|
|
|
|
| LEADER |
00859nab#a2200337#ar4500 |
| 001 |
000090686 |
| 003 |
SVKKK |
| 005 |
20080801103738.0 |
| 008 |
080723c1993 xo |||||||||||||||b|slo |
| FMT |
|
|
|
| 038 |
|
|
|a SVKKK
|
| 040 |
|
|
|a SVKKK
|b slo
|e AACR2
|
| 041 |
0 |
|
|a slo
|
| 044 |
|
|
|a xo
|c SK
|
| 080 |
|
|
|a 77
|2 1997
|
| 080 |
|
|
|a 929 Dugas, Dionýz
|2 1997
|
| 100 |
1 |
|
|a Balog, Gabriel
|4 aut
|
| 245 |
1 |
0 |
|a Prchavé okamihy
|b s Dionýzom Dugasom po horských hrebeňoch
|c Gabriel Balog
|
| 300 |
|
|
|b Obr.
|
| 600 |
1 |
4 |
|a Dugas, Dionýz
|d 1941-
|x fotograf
|z Prešov (Slovensko)
|x pôsobenie
|
| 655 |
|
4 |
|a biografie
|
| 655 |
|
4 |
|a retrokonverzie
|
| 773 |
0 |
|
|t Východoslovenské noviny Lúč
|g Roč. 2, č. 92 (21.4.1993), s. 6
|
| 957 |
|
|
|a 707
|
| 958 |
|
|
|a BX
|
| 958 |
|
|
|a RK
|
| 974 |
|
|
|a Čr
|
| 992 |
|
|
|a RBX
|
| BAS |
|
|
|
| 852 |
|
|
|a SVKKK
|b BIB
|
| 998 |
|
|
|a REG
|